<?xml version="1.0" encoding="UTF-8"?>
<record
    xmlns:xsi="http://www.w3.org/2001/XMLSchema-instance"
    xsi:schemaLocation="http://www.loc.gov/MARC21/slim http://www.loc.gov/standards/marcxml/schema/MARC21slim.xsd"
    xmlns="http://www.loc.gov/MARC21/slim">

  <leader>02178cam a2200337Ka 4500</leader>
  <controlfield tag="001">6180128</controlfield>
  <controlfield tag="005">20250905103243.0</controlfield>
  <controlfield tag="006">m     o  d        </controlfield>
  <controlfield tag="007">cr cnu---unuuu</controlfield>
  <controlfield tag="008">120318s2012    enk     ob    001 0 eng d</controlfield>
  <datafield tag="020" ind1=" " ind2=" ">
    <subfield code="a">9780749465162 (electronic bk.)</subfield>
  </datafield>
  <datafield tag="020" ind1=" " ind2=" ">
    <subfield code="z">9780749465155</subfield>
  </datafield>
  <datafield tag="035" ind1=" " ind2=" ">
    <subfield code="a">(AU-PeEL)871552</subfield>
  </datafield>
  <datafield tag="035" ind1=" " ind2=" ">
    <subfield code="a">(NhCcYBP)ybp7489027</subfield>
  </datafield>
  <datafield tag="035" ind1=" " ind2=" ">
    <subfield code="a">(CaBVaU)6180128</subfield>
  </datafield>
  <datafield tag="040" ind1=" " ind2=" ">
    <subfield code="a">NhCcYBP</subfield>
    <subfield code="c">NhCcYBP</subfield>
    <subfield code="d">UtOrBLW</subfield>
  </datafield>
  <datafield tag="041" ind1=" " ind2=" ">
    <subfield code="a">English</subfield>
  </datafield>
  <datafield tag="050" ind1=" " ind2="4">
    <subfield code="a">HD69.B7</subfield>
    <subfield code="b">K37 2012</subfield>
  </datafield>
  <datafield tag="100" ind1=" " ind2=" ">
    <subfield code="a">Kapferer, Jean-No&#xEB;l</subfield>
    <subfield code="9">2368</subfield>
  </datafield>
  <datafield tag="245" ind1="1" ind2="4">
    <subfield code="a">The new strategic brand management </subfield>
    <subfield code="b">: advanced insights and strategic thinking /</subfield>
    <subfield code="c">Jean-No&#xEB;l Kapferer.</subfield>
  </datafield>
  <datafield tag="250" ind1=" " ind2=" ">
    <subfield code="a">Fifth edition</subfield>
  </datafield>
  <datafield tag="260" ind1=" " ind2=" ">
    <subfield code="a">London ;</subfield>
    <subfield code="a">Philadelphia :</subfield>
    <subfield code="b">Kogan Page,</subfield>
    <subfield code="c">2012.</subfield>
  </datafield>
  <datafield tag="300" ind1=" " ind2=" ">
    <subfield code="a">1 online resource ;</subfield>
  </datafield>
  <datafield tag="504" ind1=" " ind2=" ">
    <subfield code="a">Includes bibliographical references and index.</subfield>
  </datafield>
  <datafield tag="520" ind1=" " ind2=" ">
    <subfield code="a">"Adopted internationally by business schools, MBA programmes and marketing practitioners alike, The New Strategic Brand Management is simply the reference source for senior strategists, positioning professionals and postgraduate students. Over the years it has not only established a reputation as one of the leading works on brand strategy but also has become synonymous with the topic itself. The new edition builds on this impressive reputation and keeps the book at the forefront of strategic brand thinking. Revealing and explaining the latest techniques used by companies worldwide, author Jean-No&#xEB;l Kapferer covers all the leading issues faced by the brand strategist today, supported by an array of international case studies. With both gravitas and intelligent insight, the book reveals new thinking on topics such as putting culture and content into brands, the impact of private labels, the new dynamics of targeting and the comeback of local brands"--</subfield>
    <subfield code="c">Provided by publisher.</subfield>
  </datafield>
  <datafield tag="650" ind1=" " ind2="0">
    <subfield code="a">Brand name products </subfield>
    <subfield code="x">Management</subfield>
    <subfield code="9">2369</subfield>
  </datafield>
  <datafield tag="650" ind1=" " ind2="0">
    <subfield code="a">Branding (Marketing)</subfield>
    <subfield code="9">6284</subfield>
  </datafield>
  <datafield tag="690" ind1=" " ind2=" ">
    <subfield code="a">Electronic books.</subfield>
  </datafield>
  <datafield tag="856" ind1=" " ind2=" ">
    <subfield code="u">https://bibliotheque.tbs-education.fr/Default/doc/SYRACUSE/3391622/the-new-strategic-brand-management-advanced-insights-and-strategic-thinking-jean-noel-kapferer</subfield>
  </datafield>
  <datafield tag="942" ind1=" " ind2=" ">
    <subfield code="2">lcc</subfield>
  </datafield>
  <datafield tag="952" ind1=" " ind2=" ">
    <subfield code="0">0</subfield>
    <subfield code="1">0</subfield>
    <subfield code="2">lcc</subfield>
    <subfield code="4">0</subfield>
    <subfield code="7">0</subfield>
    <subfield code="a">TBS</subfield>
    <subfield code="b">TBS</subfield>
    <subfield code="d">2025-09-05</subfield>
    <subfield code="l">0</subfield>
    <subfield code="r">2025-09-05</subfield>
    <subfield code="t">1</subfield>
    <subfield code="u">https://bibliotheque.tbs-education.fr/Default/doc/SYRACUSE/3391622/the-new-strategic-brand-management-advanced-insights-and-strategic-thinking-jean-noel-kapferer</subfield>
    <subfield code="w">2025-09-05</subfield>
    <subfield code="y">EBOOK</subfield>
  </datafield>
  <datafield tag="999" ind1=" " ind2=" ">
    <subfield code="c">4910</subfield>
    <subfield code="d">4910</subfield>
  </datafield>
</record>
